000 00582nam a2200217Ia 4500
001 1679
003 GE_BSU
008 181216s||||||||xx |||||||||||||| ||und||
020 _a5851710411
040 _cGE_BSU
080 _a343
100 _aБлищенко,И.П. Фисенко,И.П
245 _aМеждународный уголовный суд
260 _aМосква
260 _bЗакон и право
260 _c1998
300 _a240стр. 19см.
541 _h8л.
653 _aМеждународный уголовный суд
942 _cBK
999 _c35795
_d35795